| 000 | 00837nam a2200229 a 4500 | ||
|---|---|---|---|
| 005 | 20090727112354.0 | ||
| 008 | 040527s2005 nyu b 001 0 eng | ||
| 010 | _aENG-94569 | ||
| 020 |
_a9789380023052 _c75.00 |
||
| 035 | _aEN-78102 | ||
| 037 | _bDBAD / PUB | ||
| 040 |
_adpl _bEnglish |
||
| 082 | _a881.07 | ||
| 100 | _aAngeline Nirmala, I. | ||
| 245 |
_aTeaching poetry / _cby I. Angeline Nirmala |
||
| 260 |
_aChennai _bOzone Books _c2008 |
||
| 270 |
_a138, Sayee Nagar, 3rd Street, Virugambakkam _bChennai _e600092 |
||
| 300 |
_a184p. _c21cm(pbk) |
||
| 650 |
_aPoetry _xStudy and teaching. |
||
| 942 |
_2ddc _cEN _h881.07 _mANG |
||
| 999 |
_c28697 _d28697 |
||